Security (Record no. 115151)
[ view plain ]
| 000 -LEADER | |
|---|---|
| fixed length control field | 01102cam a22002775a 4500 |
| 001 - CONTROL NUMBER | |
| control field | L158117 |
| 008 - FIXED-LENGTH DATA ELEMENTS--GENERAL INFORMATION | |
| fixed length control field | 140625s2014 xxk f 000 0 eng d |
| 020 ## - INTERNATIONAL STANDARD BOOK NUMBER | |
| International Standard Book Number | 9781783210602 |
| 035 ## - SYSTEM CONTROL NUMBER | |
| System control number | (Sirsi) u158117 |
| 041 0# - LANGUAGE CODE | |
| Language code of text/sound track or separate title | eng |
| 110 ## - MAIN ENTRY--CORPORATE NAME | |
| Corporate name or jurisdiction name as entry element | Royal Institution of Chartered Surveyors |
| 9 (RLIN) | 4900 |
| 245 00 - TITLE STATEMENT | |
| Title | Security |
| Remainder of title | RICS guidance note |
| Name of part/section/series (SE) [OBSOLETE] | lectronic resource] |
| 250 ## - EDITION STATEMENT | |
| Edition statement | 2nd |
| 260 ## - PUBLICATION, DISTRIBUTION, ETC. | |
| Place of publication, distribution, etc. | Coventry |
| Date of publication, distribution, etc. | RICS |
| Name of publisher, distributor, etc. | 2014 |
| 520 ## - SUMMARY, ETC. | |
| Summary, etc. | Effective from 3 January 2015. Supersedes 1st edition (E153096), ISBN 9781842196649. |
| 520 ## - SUMMARY, ETC. | |
| Summary, etc. | Outlines best practice in the planning and deployment of appropriate and effective security. Looks at development of a security strategy, the planning process, sourcing, security operations and continuous improvement. |
| 590 ## - LOCAL NOTE (RLIN) | |
| Local note | KA |
| 651 #4 - SUBJECT ADDED ENTRY--GEOGRAPHIC NAME | |
| Geographic name | International |
| 690 ## - LOCAL SUBJECT ADDED ENTRY--TOPICAL TERM (OCLC, RLIN) | |
| Topical term or geographic name as entry element | Facilities management |
| 9 (RLIN) | 6240 |
| 700 1# - ADDED ENTRY--PERSONAL NAME | |
| Personal name | Hellawell, Gary |
| 700 1# - ADDED ENTRY--PERSONAL NAME | |
| Personal name | Whyte, Mark |
| 700 1# - ADDED ENTRY--PERSONAL NAME | |
| Personal name | Parkinson, David |
| 856 40 - ELECTRONIC LOCATION AND ACCESS | |
| Uniform Resource Identifier | <a href="https://www.rics.org/Global/Security_2nd_edition_PGguidance_2014.pdf">https://www.rics.org/Global/Security_2nd_edition_PGguidance_2014.pdf</a> |
| Public note | View the item free of charge from the www.rics.org website |
| 942 ## - ADDED ENTRY ELEMENTS (KOHA) | |
| Suppress in OPAC | 0 |
| Withdrawn status | Lost status | Source of classification or shelving scheme | Damaged status | Not for loan | Home library | Current library | Shelving location | Date acquired | Total Checkouts | Full call number | Barcode | Date last seen | Copy number | Price effective from | Koha item type |
|---|---|---|---|---|---|---|---|---|---|---|---|---|---|---|---|
| Dewey Decimal Classification | Virtual | Virtual | Online | 25/06/2014 | ONLINE PUBLICATION | 158117-2001 | 06/08/2019 | 1 | 06/08/2019 | Book |